Creación de un plan promocional para fortalecer el posicionamiento de la imagen corporativa de concentrados Agroamigo, en el departamento de Santa Ana. (Caso práctico: línea de alimentos balanceados para animales) (Registro nro. 26397)

Detalles MARC
000 -CABECERA
Longitud fija campo de control 01236nam a22002297a 4500
003 - IDENTIFICADOR DELl NÚMERO DE CONTROL
Identificador del número de control OSt
005 - FECHA Y HORA DE LA ÚLTIMA TRANSACCIÓN
Fecha y hora de la última transacción 20161031180947.0
008 - CÓDIGOS DE INFORMACIÓN DE LONGITUD FIJA
Códigos de información de longitud fija 150408b xxu||||| |||| 00| 0 eng d
040 ## - FUENTE DE LA CATALOGACIÓN
Centro transcriptor BMC
082 ## - NÚMERO DE LA CLASIFICACIÓN DECIMAL DEWEY
Númeroo de clasificación 658
100 1# - PUNTO DE ACCESO PRINCIPAL-NOMBRE DE PERSONA
9 (RLIN) 40299
Nombre de persona Flores Jaco, Oscar José
245 10 - MENCIÓN DE TÍTULO
Título Creación de un plan promocional para fortalecer el posicionamiento de la imagen corporativa de concentrados Agroamigo, en el departamento de Santa Ana. (Caso práctico: línea de alimentos balanceados para animales)
Resto del título : Informe final de proyecto
Mención de responsabilidad, etc. Oscar José Flores Jaco, Luis Eduardo Paul Acevedo, alejandro Enrique Rodríguez Cienfuegos
260 ## - PUBLICACIÓN, DISTRIBUCIÓN, ETC. (PIE DE IMPRENTA)
Lugar de publicación, distribución, etc. Santa Ana (El Salvador)
Nombre del editor, distribuidor, etc. Universidad Católica de El Salvador
Fecha de publicación, distribución, etc. 2016
300 ## - DESCRIPCIÓN FÍSICA
Extensión 70 h.
Otras características físicas il. col
Dimensiones 28 cm
Material anejo + 1 disco compacto
500 ## - NOTA GENERAL
Nota general Precede al tít.: Universidad Católica de El Salvador, Facultad de Ciencias Empresariales
502 ## - NOTA DE TESIS
Nota de tesis Trabajo de graduación para optar al grado académico de Licenciatura en Mercadeo y Negocios Internacionales
650 24 - PUNTO DE ACCESO ADICIONAL DE MATERIA - TÉRMINO DE MATERIA
9 (RLIN) 3991
Término de materia o nombre geográfico como elemento inicial Marketing
700 1# - PUNTO DE ACCESO ADICIONAL - NOMBRE DE PERSONA
9 (RLIN) 40300
Nombre de persona Paul Acevedo, Luis Eduardo
700 1# - PUNTO DE ACCESO ADICIONAL - NOMBRE DE PERSONA
9 (RLIN) 40301
Nombre de persona Rodríguez Cienfuegos, Alejandro Enrique
710 2# - PUNTO DE ACCESO ADICIONAL - NOMBRE DE ENTIDAD
9 (RLIN) 1067
Nombre de entidad o nombre de jurisdicción como elemento inicial Universidad Católica de El Salvador
Unidad subordinada Facultad de Ciencias Empresariales
942 ## - ENTRADA DE ELEMENTOS AGREGADOS (KOHA)
Fuente de clasificaión o esquema Dewey Decimal Classification
Koha [por defecto] tipo de item 4- Trabajo de Graduación
Existencias
Suprimido Perdido Fuente de clasificación o esquema Estropeado Restricciones de uso No para préstamo Código de colección Localización permanente Localización actual Localización en estanter&íacute;as Fecha adquisición Fuente de adquisición Número de inventario Préstamos totales Signatura completa Código de barras Fecha última consulta Fecha del precio de reemplazo Tipo de item de Koha
NULL NULL Dewey Decimal Classification NULL Prestable NULL NULL Biblioteca Miguel de Cervantes - UNICAES Biblioteca Miguel de Cervantes - UNICAES Sala Principal 11/10/2016 Donación - Oscar José Flores Jaco, Luis Eduardo Paul Acevedo, Alejandro ENrique Rodríguez Cienfuegos 002400   P-002400 1039292 31/10/2016 31/10/2016 4- Trabajo de Graduación